[Event "EU-chT (Men) 13th"]
[Site "Leon"]
[Date "2001.11.08"]
[Round "3.3"]
[White "Illescas Cordoba, Miguel"]
[Black "Supatashvili, Khvicha"]
[Result "1-0"]
[WhiteElo "2577"]
[BlackElo "2515"]
[Annotator "Finkel,A"]
[PlyCount "83"]
[EventDate "2001.11.06"]
[EventType "team-swiss"]
[EventRounds "9"]
[EventCountry "ESP"]
[SourceTitle "CBM 086"]
[Source "ChessBase"]
[SourceDate "2002.02.05"]
[SourceVersion "1"]
[SourceVersionDate "2002.02.05"]
[SourceQuality "1"]
[WhiteTeam "Spain"]
[BlackTeam "Georgia"]
[WhiteTeamCountry "ESP"]
[BlackTeamCountry "GEO"]

1. d4 {Cifuentes,R} Nf6 2. c4 e6 3. Nf3 b6 4. g3 Ba6 5. b3 Bb4+ 6. Bd2 Be7 7.
Bg2 Bb7 8. O-O O-O 9. Nc3 d5 10. cxd5 exd5 11. Qc2 Na6 12. Rad1 (12. Rac1) (12.
Rfd1) (12. Bf4) 12... Re8 (12... Qc8 13. Bg5 (13. Nh4 Re8 (13... g6 $5) 14. Nf5
Bf8 15. Bh3 Qd8 16. Bf4 Ne4 17. Nxe4 dxe4 18. d5 Nb4 19. Qxc7 Qxc7 20. Bxc7
Nxd5 21. Rc1 Ba6 22. Rfd1 Nxc7 23. Rxc7 Bxe2 24. Rdd7 Red8 $10 {Hebden,
M-Psakhis,L/Ostend/1992/0.5/40/}) (13. Bf4 c5 14. Be5 Rd8 (14... h6 15. dxc5
bxc5 16. Nh4 $36) 15. Ng5 Nb4 16. Qb1 h6 17. Bh3 Qc6 18. Bxf6 Bxf6 19. Qh7+ Kf8
20. Nf3 Bc8 $13 {Yuferov-Obukhov/URS/1991}) 13... Qe6 (13... Re8 14. Ne5 c5 15.
Qb2 Nc7 (15... cxd4 $5 16. Nb5 Ne4 17. Bxe7 Rxe7 18. Qxd4 $14) 16. e3 Qf5 17.
f4 Rad8 18. Kh1 Qc8 $10 {Neverov,V-Aseev,K/Sochi/1993/0:1/37/}) 14. Ne5 c5 15.
e3 Rfd8 16. Ne2 cxd4 17. exd4 Rac8 18. Qb1 Ne4 19. Bxe7 Qxe7 {Khalifman,
A-Kengis,E/Lucerne/1993/0.5/26/}) 13. Bc1 $5 (13. Bf4 Qd7 (13... Bf8 14. Ne5 c6
15. Qb2 {1/2-1/2 Ilic,Z-Averkin,O/Cetinje 1991/EXT 98 (15)}) 14. Be5 Rad8 15.
a3 (15. Ng5 g6 16. Bh3 Qc6 17. Qd2 Nh5 $1 18. Nf3 f6 19. Bf4 Nxf4 20. gxf4 Bb4
21. Rc1 Qd6 22. e3 Qe7 23. Qd3 c6 $13 {Timoshchenko,G-Aseev,K/Frunze/1988/0.5/
63/}) 15... Ne4 16. Nxe4 dxe4 17. Nd2 f6 18. Bf4 Bxa3 19. Nxe4 $14 {Ruban,
V-Dautov,R/Tbilisi 1989/CBM 12}) (13. Bg5 Ne4 14. Bxe7 Qxe7 15. Nxe4 dxe4 16.
Ne5 Nb4 17. Qb2 f6 18. Nc4 a5 $10 {Tunik,G-Brodsky,M/St Petersburg 1996/CBM 56
ext}) (13. Ne5 h6 14. Bf4 Qc8 15. Qb2 Qe6 16. Nd3 Ne4 17. b4 c6 $13 {Avrukh,
B-Aseev,K/Beersheba 1998/EXT 99}) 13... c6 14. a3 {Cifuentes,R: 'Controlling
b4 square and preparing b3-b4, with pressure on queen side.'} Nc7 15. b4 Bd6 $6
{So far both sides went after the theory. in this position deserves attention
15...h6 preventing white from playing Bg5.} (15... Bf8 16. Qb3 Ne6 17. Ng5 Nxg5
18. Bxg5 h6 19. Bxf6 Qxf6 20. b5 $14 {Tunik,G-Akhmadeev,V/Orel 1996/EXT 99}) (
15... h6 $5 16. Ne5 a5 17. bxa5 Rxa5 18. Qb3 Ne6 $13) (15... a5 $142 $1 {
Cifuentes,R} 16. bxa5 (16. Qb3 {Cifuentes,R} axb4 17. axb4 Qd6 18. Bf4 (18. b5
$2 {Cifuentes,R} Qb4 $1 19. Qxb4 Bxb4 20. bxc6 Bxc6 $17) 18... Qxb4 19. Rb1
Qxb3 20. Rxb3 Nb5 21. Nxb5 cxb5 22. Rxb5 Ba6 $11) 16... Rxa5 17. a4 $13) 16.
Bg5 (16. Bf4 $5 {Cifuentes,R}) 16... h6 17. Bxf6 Qxf6 18. e4 Qd8 $6 {This move
also can be criticized! After} (18... dxe4 $5 19. Nxe4 (19. Nd2 Bf8 20. Ndxe4
Qg6 21. f4 a5 $13) 19... Qf5 (19... Qg6 {Cifuentes,R} 20. Ne5 Bxe5 21. dxe5
Rxe5 22. Rd7 c5 $1 $11 23. Nf6+ (23. Rxc7 {Cifuentes,R} Bxe4) 23... Qxf6 24.
Bxb7 Rb8 25. Rxc7 (25. Bg2 {Cifuentes,R} Re7 26. Rfd1 Ne6) 25... Qd8 26. Rc6
Rxb7 $11) 20. Nh4 Qh7 21. Rfe1 Bf8 (21... Nd5 {Cifuentes,R} 22. Bh3 Be7 23. Nf5
(23. Bf5 {Cifuentes,R} g6 24. Bd7 Red8 25. Bxc6 Bxc6 26. Qxc6 Rac8 27. Qb7 Rc7
28. Qa6 f5 29. Nd2 Nc3 30. Rc1 Bxh4 31. gxh4 Rdc8 32. Kg2 Qd7 33. Qd3 Qd5+ 34.
Nf3 Ne4 $44) 23... Bf8 24. Qb3 Qg6 $13) 22. Nf3 Qf5 $13 {the position would
remain unclear.}) 19. e5 Be7 20. Rb1 Ne6 {'?' Cifuentes,R.} (20... a5 $1 {
Cifuentes,R} 21. bxa5 b5 22. a4 b4 23. Na2 Na6 $11) 21. Rfd1 {'?' Cifuentes,R.}
(21. a4 $5 {Cifuentes,R} a5 22. bxa5 Rxa5 23. Rb3 $14) 21... a5 22. Qb3 axb4
23. axb4 b5 24. Ne1 $5 {White knight comes to c2 from where it will defend
both d4 an b4.} Qb6 25. Nc2 f6 26. Ne2 $1 {The idea behind this manouvre is to
start an attack against black king.} (26. Ne4 fxe5 27. dxe5 Bf8 $15) 26... fxe5
27. dxe5 Bd8 {'?' Cifuentes,R.} (27... Rf8 $1 {Cifuentes,R} 28. Ne3 $13 (28.
Ned4 {Cifuentes,R} Nxd4 29. Nxd4 Ra4 30. Qc3 c5 31. bxc5 Bxc5 $17)) 28. Ne1 Nf8
29. Nd3 Nd7 30. Nef4 $1 $40 {White is ready to sacrifice a pawn in order to
improve positions of his pieces even more.} Nxe5 31. Nc5 Kh8 (31... Be7 $2 32.
Nxd5 $1 cxd5 33. Nxb7 Qxb7 34. Bxd5+ $18) 32. Re1 Bf6 33. Qc2 Nf7 {'?'
Cifuentes,R.} (33... Rad8 $6 34. Nh5 $16) (33... Nc4 34. Rxe8+ Rxe8 35. Qg6 Ra8
36. Nd7 Qd8 37. Qf7 $1 $18 {[%cal Gf4g6,Gd7f8]}) (33... Re7 $142 {Cifuentes,R}
34. Rxe5 Rxe5 35. Ng6+ Kg8 36. Nd7 Qc7 37. Nxf6+ gxf6 38. Nxe5 Qxe5 $8 39. Qg6+
$14) 34. Qg6 $1 Rxe1+ (34... Ne5 $5 35. Qh5 Kg8 36. Nd7 $1 {[%csl Re8]} Qc7 37.
Nxf6+ gxf6 38. Qxh6 Qg7 39. Qh5 $14) 35. Rxe1 Qc7 36. Bf1 $1 {[%cal Gf1d3]
Suddenly black king finds himself under mating attack!} Ne5 37. Rxe5 $1 Qxe5 (
37... Bxe5 38. Bd3 Kg8 39. Qe6+) 38. Bd3 Kg8 39. Nxb7 Qe1+ 40. Kg2 Bd4 41. Qh7+
Kf7 42. Nd6+ 1-0

[Event "Zanic Memorial"]
[Site "Stara Pazova"]
[Date "2001.03.17"]
[Round "9"]
[White "Zivanic, Marko"]
[Black "Ostojic, Nikola"]
[Result "1-0"]
[WhiteElo "2418"]
[BlackElo "2451"]
[Annotator "Finkel,A"]
[PlyCount "75"]
[EventDate "2001.03.09"]
[EventType "tourn"]
[EventRounds "11"]
[EventCountry "YUG"]
[EventCategory "8"]
[SourceTitle "CBM 082"]
[Source "ChessBase"]
[SourceDate "2001.05.17"]
[SourceVersion "1"]
[SourceVersionDate "2001.05.17"]
[SourceQuality "1"]

1. d4 Nf6 2. c4 e6 3. Nf3 b6 4. g3 Ba6 5. b3 Bb4+ 6. Bd2 Be7 7. Bg2 c6 8. Bc3
d5 9. Ne5 Nfd7 10. Nxd7 Nxd7 11. Nd2 O-O 12. O-O Nf6 13. e4 {One of the most
critical positions in queen's indian defense in which where played hundred of
games,but till now the theory can't give an assesment of arising position-it
changes from game to game.} (13. Rc1 $5 {another line}) 13... b5 14. Re1 dxe4
15. Qc2 (15. Rc1 Rc8 16. c5 b4 $1 (16... Nd5 $143 17. Rxe4 Nxc3 18. Rxc3 f5 19.
Rxe6 Qxd4 20. Rc1 Bxc5 21. Qe2 Bb6 22. Nf3 Qg4 23. Rd1 {[%cal Rd1d7,Re2e7]} f4
24. h3 $1 $16) 17. Bb2 $8 (17. Bxb4 Nd5 $15) 17... Bd3 18. Nxe4 Bxe4 19. Bxe4
Qd7 20. Rc4 {[%cal Gb2c1,Gc1f4]} a5 21. Bc1 Nd5 22. Bxd5 $1 {[%csl Rc3]} exd5
23. Rc2 Bf6 24. Rce2 Rfe8 $11 {Jussupow,A-Karpov,A/London 1989, (44)(1/2:1/2)})
15... Rb8 (15... Qc7 16. Bb2 {1/2-1/2 Van der Sterren,P-Chernin,A/Altensteig
1991/CBM 25 (16)}) (15... Rc8 16. Rad1 Nd5 (16... h6 17. Bf1 Qd7 18. Nxe4 Nxe4
19. Qxe4 bxc4 20. bxc4 Bf6 21. Bb4 {[%cal Gb4c5]} Rfd8 22. Bc5 Be7 23. Qc2 $14
{[%csl Ra6][%cal Gc2a4]}) 17. Bxe4 Nxc3 18. Qxc3 Bf6 19. Qc2 (19. c5 Bxd4 20.
Qc2 f5 21. Bg2 Qf6 22. Nf3 Bc3 23. Re3 b4 24. Rd6 Rfe8 25. a3 f4 $2 (25... Bb5
{[%cal Ga7a5]} 26. axb4 Bxb4 $132 {[%csl Gb4,Gb5][%cal Gc8d8]}) 26. gxf4 Qf5
27. Qxf5 exf5 28. Rxe8+ Rxe8 29. axb4 Bxb4 30. Rxc6 $16 {1-0 Van der Sterren,
P-Hoeksema,H/NLD-chT 1993/EXT 93ch (37)}) 19... bxc4 (19... g6 {'N' Avrukh,B.}
20. Nf3 bxc4 21. bxc4 Qa5 22. Re3 {1/2-1/2 Anand,V-Adams,M/Wijk aan Zee 1998/
CBM 63 (22)} (22. Ne5 Bxe5 23. dxe5 Qc5 $11 {[%csl Rc4]})) 20. bxc4 Bxd4 {
'?' Avrukh,B.} 21. Nb3 c5 22. Bxh7+ Kh8 23. Re4 g6 24. Nxd4 cxd4 25. Rdxd4 Qg5
26. Bxg6 {'!' Avrukh,B.} fxg6 27. Rxe6 Bb7 28. Rd7 {1-0 Novikov,I-Fusthy,Z/
Cattolica 1993/TD (28)}) (15... Rc8) 16. Rad1 Qc7 (16... Qc8 17. Bf1 Rd8 18.
Nxe4 Nxe4 19. Rxe4 Bf6 20. Rf4 Qc7 $6 21. Bd3 h6 22. Rxf6 $1 gxf6 23. Qe2 $16 {
Adianto,U-Sendur,A/Istanbul 2000/EXT 2001 (30)}) (16... h6 17. Bf1 bxc4 18.
bxc4 Bb4 19. Bxb4 Rxb4 20. a3 Rb6 21. Nxe4 Nxe4 22. Qxe4 Qc8 23. Bd3 $14 {
Almasi,Z-Palac,M/Pula 1999/EXT 2000 (37)}) 17. Bf1 bxc4 18. bxc4 c5 19. d5 (19.
dxc5 Bxc5 20. Nxe4 Nxe4 21. Qxe4 Bb7 22. Qe5 Qxe5 23. Bxe5 Rbd8 $11) 19... exd5
20. cxd5 Bxf1 21. Nxf1 (21. Kxf1 Nxd5) 21... Ne8 ({Doesn't help} 21... c4 22.
Ne3 Bb4 (22... Rfd8 $6 23. Bxf6 Bxf6 24. Nxc4 Rb2 25. Qxe4 $18 {[%cal Ge4e8]})
(22... Rfc8 23. d6 Bxd6 24. Bxf6 gxf6 25. Qxe4 c3 26. Nd5 Qd8 27. Qd4 $36) 23.
Bxb4 Rxb4 24. a3 Rb5 25. d6 Qd7 26. Qxc4 $14 {and white is better.}) 22. Rxe4
Bf6 23. Bxf6 Nxf6 24. Rc4 (24. d6 Qb6 25. Re7 Rfe8 (25... Rbd8 $6 26. d7 Qc7
27. Qf5 $16) 26. Rxe8+ Rxe8 27. Ne3 Nd7 28. Qa4 $14) 24... Nd7 25. Ne3 Qe5 (
25... Rfd8) 26. Rh4 h6 27. Qa4 Rfd8 (27... Nf6 28. Qxa7) 28. Re4 Qf6 29. Rf4
Qb6 30. Nf5 Nf6 $4 {Very painful blunder, actually losing on the spot.} (30...
Ne5 31. Ne7+ Kh8 32. Qe4 Qc7 33. Rf5 Qxe7 34. Rxe5 Qd6 $14) 31. Ne7+ Kh8 32.
Nc6 Nxd5 (32... Rxd5 33. Nxb8 Rxd1+ 34. Qxd1 Qxb8 35. Rc4 $18) 33. Nxb8 Nxf4
34. Rxd8+ Qxd8 35. Qxf4 $18 {[%cal Gf4b8]} Qd1+ 36. Kg2 Qd5+ 37. Qf3 Qxa2 38.
Nd7 1-0

[Event "Corus"]
[Site "Wijk aan Zee"]
[Date "2000.01.28"]
[Round "11"]
[White "Kortschnoj, Viktor Lvovich"]
[Black "Kramnik, Vladimir"]
[Result "1/2-1/2"]
[WhiteElo "2659"]
[BlackElo "2758"]
[Annotator "Finkel,A"]
[PlyCount "85"]
[EventDate "2000.01.15"]
[EventType "tourn"]
[EventRounds "13"]
[EventCountry "NED"]
[EventCategory "18"]
[SourceTitle "CBM 075"]
[Source "ChessBase"]
[SourceDate "2000.04.05"]
[SourceVersion "1"]
[SourceVersionDate "2000.04.05"]
[SourceQuality "1"]

1. d4 Nf6 2. c4 e6 3. Nf3 b6 4. g3 Ba6 5. b3 Bb4+ 6. Bd2 Be7 7. Bg2 Bb7 8. Nc3
d5 9. cxd5 exd5 10. O-O O-O {In this position white was usually putting the
knight one e5 and only after that was starting to think!Kortchnoi tries
different plan,which however proves to be insufficient to get opening
advantage.} 11. Nh4 $5 (11. Ne5 Nbd7 (11... Na6 $5 12. Bf4 c5 13. Rc1 Re8 14.
dxc5 Nxc5 15. Nf3 Rc8 16. Nb5 $14 {Naumkin,I-Szekely,P/Catania op 1994}) 12.
Rc1 Re8 13. Nb5 c5 14. Bf4 Nh5 15. Bh3 Nxe5 16. Bxe5 Bf8 $132 {Maric,
A-Chiburdanidze,M/FIDE Candidates W 1997}) (11. Rc1 Na6 12. Ne5 (12. Bg5 c5 13.
Qc2 h6 14. Bxf6 Bxf6 15. Rfd1 Qe7 16. e3 Rfd8 17. Ne2 Nb4 $13 {Granda Zuniga,
J-Vaganian,R/Wijk 1989}) 12... c5 (12... Re8 13. Bg5 Ne4 14. Bxe7 Qxe7 15. e3
c5 16. Nd3 cxd4 17. exd4 Rac8 $13 {Gyimesi,Z-Farago,I/HUN-ch 1999}) 13. dxc5
bxc5 14. Bf4 Rc8 15. e3 Nc7 16. Ng4 Ne4 $11 {Epishin,V-Dautov,R/Brno Morava-A
1991}) 11... g6 $1 {[%csl Gf5] Black is not afraid to weaken his kingside.He
oftenly plays g6 later in this kind of position,and white can't take an
advantage of this early advance.} 12. Bg5 Ne4 13. Bxe7 (13. Nxe4 $6 dxe4 14.
Bxe7 Qxe7 {[%csl Rh4]} 15. Rc1 Bd5 $5 16. Rc3 c6 $5 $13 {[%cal Gb8d7,Gf7f5]})
13... Qxe7 14. Rc1 Na6 15. Qd3 (15. Nf3 $5 Rad8 16. e3 c5 17. Ne5 Nc7 18. Qc2
f6 19. Nd3 Ne6 $132) 15... c5 16. Nf3 Rad8 17. Qe3 f5 18. Qh6 $6 {Dubious
decision,letting black to sieze the initiative.} (18. Ne5) 18... Rd6 19. dxc5 (
19. Nb5 $6 Re6 20. Nxa7 g5 {[%csl Rh6]} 21. Qh5 Kg7 22. Ne5 Rh6 23. Qf3 Nd2 $15
) 19... bxc5 20. Nxe4 fxe4 (20... dxe4 $5 21. Ng5 Rfd8) 21. Ng5 Qg7 $6 22.
Qxg7+ (22. Qh4 h6 23. Nh3 g5 24. Qh5 Rdf6 $5 $15 {[%csl Rh3,Rh5]}) 22... Kxg7
23. Rfd1 Rfd8 24. f3 h6 (24... exf3 $6 25. Bxf3 {[%csl Rc5,Rd5][%cal Gf3b7]} h6
26. Nh3 g5 27. Nf2 $14 {[%cal Gf2d3]}) 25. Nh3 e3 26. Nf4 Bc6 27. Kf1 {
Threatening Nd3} (27. Nd3 $6 Bb5 28. Nxc5 $2 Nxc5 29. Rxc5 Bxe2 30. Re1 d4 $1
31. Rxe2 d3 $19 {[%cal Gd3d1]}) 27... Bb5 $8 (27... d4 $6 28. Nd3 Rd5 (28...
Bb5 29. Nxc5 Nxc5 30. Rxc5 d3 31. exd3 Bxd3+ 32. Ke1 $16) 29. f4 {[%cal Gg2c6]}
R5d6 30. Nxc5 Nxc5 31. Rxc5 d3 $1 32. Rxd3 $1 Rxd3 33. Bxc6 $1 $14 {[%csl Re3]
[%cal Gf1g2,Gg2f3]}) 28. a4 (28. Nd3 c4 (28... Bxd3 29. Rxd3 d4 30. f4 Nb4 31.
Rdd1 d3 32. exd3 Nxd3 33. Rc2 $13) 29. Nb2 cxb3 (29... Nb4 $5) 30. axb3 Nb4 31.
Rc7+ R8d7 32. Rxd7+ Rxd7 33. Rc1 $11) 28... Be8 29. Nd3 c4 30. bxc4 Bxa4 31.
Re1 dxc4 32. Ne5 $5 ({Deserved attention} 32. Rxc4 $5 Bb5 33. Rc3 {[%csl Ra6]
and black knight on a6 is out of play:} Bxd3 34. exd3 Rxd3 35. Rxe3 $11) 32...
Bb5 33. Nxc4 Re6 34. Bh3 Re7 35. Rc3 {[%csl Re3][%cal Gc3e3] Now the game is
drawn by force.} Rc7 36. Rec1 Rxc4 37. Rxc4 Bxc4 38. Rxc4 Rd1+ 39. Kg2 Rd2 40.
Kf1 Rd1+ 41. Kg2 Rd2 42. Kf1 Rd1+ 43. Kg2 1/2-1/2

[Event "FIDE-Wch k.o."]
[Site "Moscow"]
[Date "2001.12.02"]
[Round "3.2"]
[White "Nikolic, Predrag"]
[Black "Anastasian, Ashot"]
[Result "1-0"]
[WhiteElo "2652"]
[BlackElo "2588"]
[Annotator "Finkel,A"]
[PlyCount "89"]
[EventDate "2001.11.27"]
[EventType "k.o."]
[EventRounds "7"]
[EventCountry "RUS"]
[SourceTitle "CBM 086"]
[Source "ChessBase"]
[SourceDate "2002.02.05"]
[SourceVersion "1"]
[SourceVersionDate "2002.02.05"]
[SourceQuality "1"]

1. d4 Nf6 2. c4 e6 3. Nf3 b6 4. g3 Ba6 5. Qa4 {Predrag Nikolic's favorite move.
} ({More current is} 5. b3) 5... c5 6. Bg2 Bb7 {Black has lost a tempo on the
bishop's retreat in order to avoid problems along the long diagonal. However,
it is not so horrible for Black - otherwise, his move 4 would simply disappear
from practice.} 7. dxc5 {White strives for victory and doesn't want to trade
off the bishops.} ({Calmer play arises after} 7. O-O cxd4 8. Nxd4 Bxg2 9. Kxg2)
7... bxc5 8. O-O Be7 9. Nc3 O-O 10. Bf4 d6 11. Rfd1 Qb6 12. Rab1 (12. Qb5 Qc7
13. Qa4 (13. Rd2 a6 14. Qb3 Nc6 15. Qd1 Rfd8 16. h3 Rd7 17. g4 Rad8 18. g5 Nh5
19. Bh2 Nd4 20. e3 Nxf3+ 21. Bxf3 Bxf3 22. Qxf3 g6 23. Qg4 {1/2-1/2 Antoshin,
V-Csom,I/Baku 1980/EXT 2000 (23)}) 13... a6 14. Rd2 Nbd7 15. Rad1 Nb6 16. Qa5
Rac8 17. Rxd6 $1 $16 {Fominyh,A-Roeder,M/Balassagyarmat 1990/EXT 97}) (12. Qc2
Rd8 13. Rd2 h6 14. h3 Nc6 15. Be3 Nb4 16. Qb3 Qa6 17. Nb5 Rac8 $132 {Meister,
P-Rajkovic,D/Germany 1990/GER-chT}) (12. Qb3 Rd8 13. Rd2 Nbd7 14. Rad1 Ne8 15.
Qc2 h6 16. e4 Rac8 17. h3 Bc6 18. g4 Qb7 19. Re1 Bf8 20. Re3 {1/2-1/2 Dlugy,
M-Rodriguez,A/Amsterdam 1987/TD (20)}) 12... Na6 13. a3 {White covers the
b4-point and obtains the possibility of starting a pawn storm on the queenside.
} (13. Nb5 d5 14. Ne5 d4 15. Bxb7 Qxb7 16. e3 dxe3 17. Bxe3 h6 18. a3 Rfc8 19.
Bf4 $14 {Pelletier,Y-Alterman,B/Elista 1998/CBM 66 ext}) 13... Bc6 $5 {A new
idea. Anastasian is going to build up on the long diagonal in order to
intensify his pressure on the center.} (13... Rac8 14. Qc2 Rfd8 15. e4 h6 16.
Qe2 Bc6 (16... Nb8 17. e5 dxe5 18. Nxe5 Bxg2 19. Kxg2 Nc6 20. Nxc6 Qxc6+ 21.
Qf3 Rd4 22. b3 $14 {Nikolic,P-Volke,K/Germany 1999/GER-chT}) 17. e5 dxe5 18.
Nxe5 Bxg2 19. Kxg2 Nb8 20. h4 Nc6 21. Nxc6 Qxc6+ 22. Qf3 a6 23. Qxc6 Rxc6 24.
Rxd8+ Bxd8 25. Rd1 $14 {Piket,J-Gelfand,B/Monte Carlo 1999/CBM 69 ext}) ({
Previously only unpretentious development was tested:} 13... Rac8) 14. Qc2 Rfd8
{White threatened to capture on d6.} 15. e4 $1 Qb7 16. Ne1 Rab8 17. Qe2 e5 $6 {
A serious concession on Black's part. It is quite explainable - he has to
solve some big problems. For example, White can try b2-b4 or e4-e5. The black
knight on a6 is especially out of place here.} (17... h6 18. Nc2 Qb3 19. e5
dxe5 20. Bxe5 $14) 18. Bg5 h6 $6 {[%csl Rd5]} ({More stubborn and logical is} 
18... Ne8 $5 {retaining the knight in order to fight for the important
d5-point.}) 19. Bxf6 Bxf6 20. Nc2 {[%cal Gb2b5]} Qb3 $8 21. Ne3 (21. Na1 Qb7
22. Nc2 Qb3) 21... Nc7 22. Rd3 Bg5 23. Nf5 $1 $40 {[%csl Rd6][%cal Gf2f4]
Suddenly White starts a mating attack!} Qxc4 24. f4 $1 ({Winning the pawn back
would yield all White's advantage:} 24. Nxd6 $6 Qe6 25. Rbd1 Ne8 $11) 24...
exf4 (24... Bf6 $2 25. fxe5 Bxe5 (25... dxe5 26. Rxd8+ {[%csl Rc4]} Rxd8 27.
Qxc4 $18) 26. Ne7+ Kh7 27. Nxc6 $18) 25. gxf4 Bf6 26. e5 $1 ({Winning the pawn
back with} 26. Nxh6+ Kf8 $13 (26... gxh6 $4 27. Rg3+ Kf8 28. Qxc4 {is not
appealing for Nikolic. He does not want to waste tempos for such a trifle!}))
26... Bxg2 ({Black loses the queen in case of} 26... Qxf4 $4 27. Rf1 Qxe5 28.
Re3 $18) 27. exf6 Ne6 {Anastasian desperately tries to confuse his opponent,
and he could have succeeded, if his opponent hadn't been so strong!} (27... Bb7
28. Nxh6+ $1 Kh7 29. Nf5 $18 {[%cal Ge2h5]}) 28. Nxh6+ $1 $18 Kh7 ({Again
impossible is} 28... gxh6 $4 29. Rg3+) 29. Nf5 g6 30. Qg4 Re8 31. Nd5 $3 {
An extremel y beautiful and strong move! The Bosnian GM pleases the spectators
by choosing the most artful way to victory!} Kg8 (31... Qxd3 32. Qh4+ Kg8 33.
Nde7+ Rxe7 34. Nxe7+ Kf8 35. Qh8#) ({or} 31... Bxd5 32. Rh3+ Kg8 33. Qh4 $18)
32. Qh4 Qxd5 $8 33. Rxd5 Bxd5 34. Ne7+ Rxe7 35. fxe7 Nd4 36. Qf6 {Yes, no one
could save such a position, provided the opponent plays sensibly. However, the
game continues...} Nf5 37. Re1 Re8 38. Kf2 Be6 39. Rxe6 $1 fxe6 40. Qxg6+ Ng7
41. Qf6 d5 42. Kf3 d4 43. h4 Kh7 44. Qf8 c4 45. h5 1-0

[Event "RUS-chT 11th"]
[Site "Sochi"]
[Date "2004.04.25"]
[Round "6.1"]
[White "Bareev, Evgeny"]
[Black "Gelfand, Boris"]
[Result "1/2-1/2"]
[WhiteElo "2711"]
[BlackElo "2714"]
[Annotator "Finkel,A"]
[PlyCount "91"]
[EventDate "2004.04.20"]
[EventType "team-tourn"]
[EventRounds "9"]
[EventCountry "RUS"]
[SourceTitle "EXT 2020"]
[Source "ChessBase"]
[SourceDate "2019.10.17"]
[SourceVersion "1"]
[SourceVersionDate "2019.10.17"]
[SourceQuality "1"]
[WhiteTeam "Kazan Ladya"]
[BlackTeam "Samara Termosteps"]
[WhiteTeamCountry "RUS"]
[BlackTeamCountry "RUS"]

1. d4 Nf6 2. c4 e6 3. Nf3 b6 4. g3 Ba6 5. Qb3 Nc6 6. Nbd2 Na5 7. Qc3 (7. Qc2 c5
8. e4 cxd4 9. e5 Ng4 10. h3 Nh6 11. Bd3 Bb7 12. O-O Nc6 13. a3 d6 $13 {Grivas,
E-Bagaturov,G/Chania 2000}) 7... c5 8. dxc5 bxc5 9. e4 Bb7 (9... d6 10. a3 (10.
Bg2 Bb7 11. Qd3 Be7 12. O-O O-O 13. b3 Qb6 14. Bb2 Nc6 15. Rad1 Rfd8 16. Rfe1
a5 17. a4 Rab8 $132 {Postny,E-Lindberg,B/Pardubice 2002}) 10... Bb7 11. b4 Nc6
(11... cxb4 12. axb4 Nc6 13. b5 Nb8 14. Bg2 Nbd7 15. O-O e5 16. Ba3 $14 {
Beliavsky,A-Grigoriants,S/Linares 2003}) 12. Bg2 Be7 13. b5 Qa5 14. Qd3 Ne5 15.
Nxe5 dxe5 16. O-O O-O 17. a4 Rfd8 18. Qc2 $14 {Kramnik,V-Almasi,I;2002}) 10. e5
Ne4 11. Nxe4 Bxe4 {White has a bit more space, but black has good places for
his pieces.} 12. Bg2 {White has some space advantage, whereas black is
counting on having only one weakness (d7) which can be easily defended, as
white's structure isn't perfect as well.} Be7 (12... Rb8 13. O-O Be7 14. Re1
Bg6 15. Be3 O-O 16. Rad1 h6 17. Nd2 f5 18. Nb3 Nxb3 19. axb3 Qc7 $11 {Postny,
E-Gruenfeld,Y/Israel 2003}) 13. O-O O-O (13... Rb8 14. b3 Nc6 15. Bb2 O-O 16.
Qe3 Bg6 17. Rfd1 Qc7 18. Ne1 $5 {Gelfand,B-Almasi,Z/Budapest 2003}) 14. Bd2 Nc6
15. Qe3 Bxf3 16. Bxf3 Nd4 17. Bc3 {White is trying to get rid of the knight as
fast as he can. If black is able to play f6 and Bxf6 he would get a hold of
the 'd4' square for good.} (17. Bxa8 $143 Qxa8 {[%cal Gd4f3]} 18. f3 Nc2 19.
Qd3 Nxa1 20. Rxa1 Qc6 $132 {[%cal Gf7f6]}) 17... Rb8 $5 {[%mdl 32] This move
is an improvment comparing to the game Lautier-Gelfand. Black's idea is very
simple and at the same time very efficient: he is ready to give up a pawn for
trading his knight for the white's darksquared bishop. In return black imposes
on white multiple trade over the d-file and blockade of the queenside pawns of
white.} (17... Nxf3+ 18. Qxf3 f6 {[%cal Gf6e5]} 19. Rad1 (19. exf6 {(Gershon)
would allow black an interesting possibility:} Bxf6 20. Rad1 Bd4 $5 21. Qe4 e5
{black is getting a strong hold of the center in compensation for weakening
his pawn structure.}) 19... Rb8 20. Qe3 Qc7 21. Rd3 {[%csl Rd7]} Qc6 22. Rfd1 {
Lautier,J-Gelfand,B/Cannes/2002}) (17... Nc2 {(Gershon) is bad due to:} 18. Qd3
(18. Qe4 {Gershon} Nxa1 19. Qxa8 Qxa8 20. Bxa8 Rxa8 21. Rxa1 Rb8 22. Rd1 Rb7
23. b3 {is unpleasant for black - his pawns are weak and the bishop more
passive.}) 18... Nxa1 19. Bxa8 Qxa8 20. Qxd7 $16 {winnning a pawn}) 18. Bxd4
cxd4 19. Qxd4 Qc7 20. Rad1 ({Nothing changed} 20. Rab1 Rfd8 21. Rfc1 Bc5 22.
Qc3 a5 23. a3 Qb6 $44 {and white doesn't stand a chance to transfer b4.}) 20...
Rfd8 21. b3 d6 22. exd6 Bxd6 23. Qe4 Bc5 24. Kg2 (24. Qc6 Qxc6 25. Bxc6 Kf8 26.
Kg2 Ke7 27. Kf3 Rxd1 28. Rxd1 Rd8 29. Rxd8 Kxd8 $11 {[%cal Ga7a5]}) 24... a5 {
The fact white is a pawn up is of no importance since white can't make any
progress on the queenside.} 25. h4 Qb6 26. Qc2 Rxd1 27. Rxd1 Rd8 {Once black
manages to trade all major pieces a draw agreement is on the way!} 28. Rd2 h6 (
28... g6) 29. h5 Rd6 30. Be4 Qd8 31. Rxd6 Qxd6 32. f4 f5 33. Bb7 Qd4 34. Kh3
Kf7 35. Qe2 Kf6 36. Qf3 Bb4 37. Qc6 Qd6 38. Qe8 Qf8 39. Qb5 Qc5 40. Qe8 Qf8 41.
Qa4 Qc5 42. Qd7 Qd6 43. Qb5 Qc5 44. Bg2 Qxb5 45. cxb5 Bc5 46. Bf1 1/2-1/2